000 00257nam a22001097a 4500
008 170111b xxu||||| |||| 00| 0 eng d
020 _a0397546386
041 _aeng
080 _a618.2
245 _aAPPLICATION OF NURSING PROCESS
_cALFARO, R
942 _2udc
_cBK
999 _c2691
_d2691